| 000 | 00714nam a22002057a 4500 | ||
|---|---|---|---|
| 005 | 20230912114826.0 | ||
| 010 | _aENG-137821 | ||
| 020 |
_a9789388548892 _c2999.00 |
||
| 035 | _aEN-121353 | ||
| 037 | _bDBAD/PUB | ||
| 082 | _a343.540723 | ||
| 100 |
_aKumar, Sudhanshu _956346 |
||
| 245 |
_aS M Dugar Guide to Competition Act,2002 / _cby Sudhanshu Kumar |
||
| 260 |
_aGurgaon _bLexisNexis _c2020 |
||
| 270 |
_a14th floor,Building No.10,Tower-b,DLF Cyber city,Phase-II _bGurgaon _e122002 |
||
| 300 |
_a1904p. _c25cm(Hb) |
||
| 500 | _aAn Exhaustive section-wise commentary incorporating all legislative and judicial developments | ||
| 500 | _a8th Edition | ||
| 942 |
_2ddc _cEN _mKUM _h343.540723 |
||
| 999 |
_c197280 _d197280 |
||